Statistics for Book quiz - 20th century female authors - 1900 to 1949

Click here to take the quiz!

General Stats

  • This quiz has been taken 100 times
  • The average score is 11 of 40

Answer Stats

YearTitleAuthor% Correct
1936Gone With the WindMargaret Mitchell
81%
1927To the LighthouseVirginia Woolf
81%
1926The Murder of Roger AckroydAgatha Christie
78%
1902The Tale of Peter RabbitBeatrix Potter
74%
1938RebeccaDaphne du Maurier
72%
1947The Diary of a Young GirlAnne Frank
68%
1935Little House on the PrairieLaura Ingalls Wilder
65%
1920The Age of InnocenceEdith Wharton
62%
1943The FountainheadAyn Rand
58%
1911The Secret GardenFrances Hodgson Burnett
56%
1908Anne of Green GablesL.M. Montgomery
53%
1931The Good EarthPearl S. Buck
49%
1934Mary PoppinsP.L. Travers
33%
1940The Heart is a Lonely HunterCarson McCullers
28%
1943A Tree Grows in BrooklynBetty Smith
25%
1927Death Comes for the ArchbishopWilla Cather
25%
1939The Enchanted WoodEnid Blyton
23%
1906The Railway ChildrenE. Nesbit
20%
1926Show BoatEdna Ferber
19%
1903The Story of My LifeHelen Keller
19%
1932Cold Comfort FarmStella Gibbons
19%
1905The Scarlet PimpernelBaroness Emma Orczy
17%
1938The YearlingMarjorie Kinnan Rawlings
12%
1923Whose Body?Dorothy L. Sayers
10%
1946All Men are MortalSimone de Beauvoir
9%
1913PollyannaEleanor H. Porter
6%
1925Gentlemen Prefer BlondesAnita Loos
5%
1938The Death of the HeartElizabeth Bowen
5%
1941In This Our LifeEllen Glasgow
2%
1949ArabellaGeorgette Heyer
2%
1912Daddy-Long-LegsJean Webster
2%
1930Years of GraceMargaret Ayer Barnes
2%
1935National VelvetEnid Bagnold
1%
1948Late Have I Loved TheeEthel Mannin
1%
1909The RosaryFlorence L. Barclay
1%
1946The Snake PitMary Jane Ward
1%
1900To Have and To HoldMary Johnston
1%
1928Scarlet Sister MaryJulia Peterkin
0%
1923The Able McLaughlinsMargaret Wilson
0%
1934Death of a GhostMargery Allingham
0%

Score Distribution

Percentile by Number Answered

Percent of People with Each Score

Your Score History

You have not taken this quiz